| 000 | 00000nam##2200000za#4500 |
| 001 | 9.590306 |
| 003 | CaOODSP |
| 005 | 20210624200049 |
| 007 | cr ||||||||||| |
| 008 | 150406|2009||||xxc|||||o f|0| 0 fre|d |
| 022 | |a1701-1280 |
| 040 | |aCaOODSP|bfre |
| 041 | |aeng |
| 041 | |afre |
| 043 | |an-cn--- |
| 086 | 1 |aFs70-4/2009-039-PDF |
| 110 | 1 |aCanada. |bMinistère des pêches et des océans. |
| 245 | 10|aCompte rendu du processus de consultation scientifique national pour la formulation d'orientations en vue de l'élaboration d'un cadre et de principes pour la classification biogéographique des zones marines canadiennes : |h[ressource électronique]|b15-16 juin 2009, Ottawa, Ontario / |cJ. Rice – président de la réunion; A. White – rédactrice. |
| 260 | |aOttawa - Ontario : |bPêches et Océans Canada |cFévrier 2010. |
| 300 | |a31p.|bréférences |
| 490 | 1 |aSecrétariat canadien de consultation scientifique, série des comptes rendus|x1701-1280|v2009/039 |
| 590 | |a14-20-Supp|b2014-11-25 |
| 791 | |tProceedings of a national science advisory process to provide guidance on the development of a framework and principles for the biogeographic classification of Canadian marine areas : |eeng|w(CaOODSP)9.590305 |
| 830 | #0|aCompte rendu (Secrétariat canadien de consultation scientifique)|x1701-1280|v2009/039|w(CaOODSP)9.500508 |
| 856 | 40|ahttp://publications.gc.ca|qPDF|s130 Ko|uhttps://publications.gc.ca/collections/collection_2014/mpo-dfo/Fs70-4-2009-039.pdf|y2009/039 |